banner-ar

URINALYSIS AND BODY FLUIDS : ACOLOR TEXT AND ATLAS / (Record no. 10701)

MARC details
000 -الفاتح
حقل البيانات ثابتة الطول 00517nam a2200193Ia 4500
008 - عناصر البيانات ثابتة الطول - معلومات عامة
حقل البيانات ثابتة الطول 140319s9999 xx 000 0 eng d
040 ## - مصدر الفهرسة
وكالة الفهرسة الأصلية GCL /
وكالة النسخ GCL
082 04 - رقم تصنيف ديوى العشرى
رقم التصنيف 616.07
رقم المادة R U
100 1# - المدخل الرئيسى - إسم شخصى
الإسم الشخصى RINGSRAD, KAREN
245 10 - بيان العنوان
العنوان URINALYSIS AND BODY FLUIDS : ACOLOR TEXT AND ATLAS /
بيان المسئوليه,etc RINGSRAD, KAREN
700 1# - المدخل الاضافى - اسم شخصى
الإسم الشخصى BODY FLUIDS - ATLASES
700 1# - المدخل الاضافى - اسم شخصى
الإسم الشخصى MUNSON
260 ## - PUBLICATION, DISTRIBUTION, ETC. (IMPRINT)
تاريخ النشر أو التوزيع 1994
300 ## - الوصف المادى
التعداد 249
650 04 - المدخل الاضافى بالموضوع-مصطلح موضوعى
مصطلح موضوعي URINE - ANALYSIS
650 04 - المدخل الاضافى بالموضوع-مصطلح موضوعى
مصطلح موضوعي BODY FLUIDS, ANALYSIS
942 ## - عناصر المدخل الإضافي( كوها)
مصدر التصنيف او مخطط الترفيف Dewey Decimal Classification
Koha [default] item type كتاب
260 ## - PUBLICATION, DISTRIBUTION, ETC. (IMPRINT)
-- [S.N] :
-- MOSBY ،
Holdings
حالة التراجع حالة الفقد حالة تلف ليس للاعارة المكان المؤقت الموقع الحالى تاريخ الاكتساب اجمالي اﻻعارات رقم الطلب الباركود تاريخ اخر مشاهدة تاريخ تفعيل السعر نوع وعاء كوها
        مكتبة القاهرة الكبرى مكتبة القاهرة الكبرى 03/26/2014   616.07\R U 21532 03/26/2014 03/26/2014 كتاب

Powered By

EGPV